Arrêts de la ligne C5 de Lyon (TCL) - Statistiques

Statistiques générales
  • Ce quiz a été pris 24 fois
  • Le résultat moyen est 16 sur 31
Statistiques - réponses
Arrondissement Arrêt % Correct
Caluire-et-Cuire Saint-Clair Square Brosset
92%
Lyon 6e Cité Internationale - Centre de Congrès
83%
Lyon 2e Cordeliers
83%
Lyon 1er Hôtel de Ville Louis Pradel
83%
Lyon 6e Interpol
83%
Rillieux-la-Pape Rillieux Semailles
83%
Lyon 6e Musée d’Art Contemporain
75%
Lyon 6e Parc Tête d’Or - Churchill
75%
Lyon 4e Pont Churchill RD
75%
Lyon 1er Pont De Lattre RD
75%
Rillieux-la-Pape Vancia Château Bérard
75%
Caluire-et-Cuire Poumeyrol
67%
Rillieux-la-Pape La Buissière - Viralamande
50%
Rillieux-la-Pape Michelet
50%
Caluire-et-Cuire Vassieux
50%
Caluire-et-Cuire Vieux Crépieux
50%
Rillieux-la-Pape Collège Paul Émile Victor
42%
Rillieux-la-Pape La Velette
42%
Rillieux-la-Pape La Folie
33%
Rillieux-la-Pape L’Echappée
33%
Rillieux-la-Pape Leclerc
33%
Rillieux-la-Pape MJC Centre Chorégraphique
33%
Rillieux-la-Pape Nouveau Cimetière Rillieux
33%
Caluire-et-Cuire Panorama
33%
Rillieux-la-Pape Rillieux Nations
33%
Caluire-et-Cuire Peupliers
25%
Rillieux-la-Pape Vancia Centre
25%
Rillieux-la-Pape Zi Champ du Roy
25%
Rillieux-la-Pape Zi Château d’Eau
25%
Rillieux-la-Pape Rillieux Les Manges
17%
Rillieux-la-Pape Vancia Pinson
17%
Aucun quiz correspondant
Distribution des résultats
% des personnes avec chaque résultat
Percentile par nombre de réponses
Votre historique - résultats
Vous n’avez pas pris ce quiz